01022nam a2200253 4500999001500000001000600015003000900021005001700030008004100047020003000088040004300118082002200161100002100183245006100204246003700265260005900302300003300361504005100394650003100445650002200476942001200498952012900510952012900639 c8683d868322789BD-DhUAP20250817154955.0120816s2012 maua b 001 0 eng  a9781422184035qalk. paper aDLCcBD-DhUAPdBD-DhUAPbENGeBD-DhUAP00a808.06665 GAR2231 aGarner, Bryan A.10aHBR guide to better business writing /cBryan A. Garner.30aGuide to better business writing aBoston, Mass. :bHarvard Business Review Press,c2012. axx, 210 p. :bill. ;c22 cm. aIncludes bibliographical references and index. 0aCommercial correspondence. 0aBusiness writing. 2ddccBK 00102ddc4070aUAPCLbUAPCLcGeneral Stacksd2025-08-17o808.06665 GARp3010022789r2025-08-17t1v2980.00w2025-08-17yBK 00102ddc4070aUAPCLbDBASLcGeneral Stacksd2025-08-17o808.06665 GARp3010022790r2025-08-17t2v2980.00w2025-08-17yBK